000 00543nam a2200193Ia 4500
005 20230429101803.0
008 131103s9999 xx 000 0 und d
040 _aLoreto College
041 _aEnglish
082 _aTAG 891.44
_bTAG-BAS
100 _aBasu, Buddhadev
245 _aSanga-nisangata Rabindranath
_cBuddhadev Basu
260 _aCalcutta
_bM. C. Sarkar
_c1991
300 _a228p
650 _aTagore, Rabindranath, 1861-1941 - Criticism and Interpretation
651 _aBengali Literature
850 _aLCLIB
942 _cBK
999 _c16897
_d67376